[Event "SR 2. liga A 2011/2012"]
[Site "?"]
[Date "2011.11.06"]
[Round "23.1"]
[White "Frindt, Kornel"]
[Black "Peitl, Tomas"]
[Result "0-1"]
[WhiteElo "2223"]
[BlackElo "2214"]
[PlyCount "98"]
[EventDate "2011.??.??"]
[WhiteTeam "Slovakia"]
[BlackTeam "Slovakia"]
[WhiteTeamCountry "SVK"]
[BlackTeamCountry "SVK"]

1. e4 e6 2. d4 d5 3. Nd2 c5 4. Ngf3 Nf6 5. e5 Nfd7 6. c3 Nc6 7. Be2 cxd4 8.
cxd4 Qb6 9. Nb3 a5 10. a4 Bb4+ 11. Kf1 f6 12. exf6 Nxf6 13. h4 O-O 14. h5 Ng4
15. Be3 Ne7 16. Qd3 Nf5 17. Bg5 h6 18. Bf4 Nd6 19. Bg3 Ne4 20. Bh4 Bd7 21. Kg1
Rac8 22. Rh3 Bd6 23. Rf1 Bxa4 24. Nfd2 Ngf6 25. g4 Bf4 26. Nxe4 dxe4 27. Qd1
Nd5 28. Qb1 Bxb3 29. Qxe4 Bc2 30. Bd3 Bxd3 31. Rxd3 Qc6 32. Rf3 Bc7 33. g5 Rxf3
34. Qxf3 Rf8 35. Qg2 Nf4 36. Qxc6 bxc6 37. gxh6 gxh6 38. Re1 Kf7 39. Bg3 Ke7
40. Re4 Nh3+ 41. Kg2 Bxg3 42. Kxg3 Ng5 43. Re3 Rf5 44. f4 Nh7 45. Rb3 Rb5 46.
Rc3 Kd6 47. b3 Nf6 48. Kg2 Nxh5 49. Rf3 Rf5 {0 :} 0-1

[Event "SR 2. liga A 2011/2012"]
[Site "?"]
[Date "2011.11.06"]
[Round "23.2"]
[White "Machalova, Veronika"]
[Black "Petrik, Stanislav"]
[Result "1-0"]
[WhiteElo "2209"]
[BlackElo "2165"]
[PlyCount "69"]
[EventDate "2011.??.??"]
[WhiteTeam "Slovakia"]
[BlackTeam "Slovakia"]
[WhiteTeamCountry "SVK"]
[BlackTeamCountry "SVK"]

1. e4 c5 2. Nf3 Nc6 3. d3 g6 4. g3 Bg7 5. c3 Nf6 6. Nbd2 d5 7. a3 dxe4 8. dxe4
O-O 9. Qe2 b6 10. Bg2 a5 11. O-O Ba6 12. Nc4 e5 13. Bg5 h6 14. Rfd1 Qc7 15.
Bxf6 Bxf6 16. Bf1 Bg7 17. Qc2 f5 18. Nh4 b5 19. Nd6 f4 20. Nxb5 Qb8 21. a4 Rf6
22. Rd7 Bc8 23. Bc4+ Kh7 24. Rf7 Nd8 25. Rxf6 Bxf6 26. Qd1 Ne6 27. Qd5 Ra6 28.
Rd1 Rb6 29. b3 Bxh4 30. gxh4 Bb7 31. Qd7+ Ng7 32. f3 h5 33. Qf7 Bc6 34. Rd6
Bxb5 35. Qxg6+ {: 0} 1-0

[Event "SR 2. liga A 2011/2012"]
[Site "?"]
[Date "2011.11.06"]
[Round "23.3"]
[White "Petrik, Karol"]
[Black "Sosovicka, Juraj"]
[Result "0-1"]
[WhiteElo "2082"]
[BlackElo "2198"]
[PlyCount "100"]
[EventDate "2011.??.??"]
[WhiteTeam "Slovakia"]
[BlackTeam "Slovakia"]
[WhiteTeamCountry "SVK"]
[BlackTeamCountry "SVK"]

1. Nf3 d5 2. c4 d4 3. g3 Nc6 4. Bg2 e5 5. d3 Nf6 6. O-O a5 7. e3 dxe3 8. Bxe3
Be7 9. d4 exd4 10. Nxd4 Nxd4 11. Qxd4 Qxd4 12. Bxd4 c6 13. Re1 Be6 14. b3 a4
15. Bc3 axb3 16. axb3 O-O 17. Nd2 Nd7 18. Nf3 Nc5 19. Nd4 Bf6 20. Rxa8 Rxa8 21.
Nxe6 Bxc3 22. Rc1 fxe6 23. Rxc3 Ra1+ 24. Bf1 Ra3 25. Bh3 Kf7 26. Re3 Kf6 27. b4
Rxe3 28. fxe3 Nd3 29. b5 Ke5 30. bxc6 bxc6 31. Kf1 c5 32. Ke2 Nb2 33. Bg2 Nxc4
34. Kd3 Nb6 35. Bf3 h6 36. Bh5 Kd5 37. Bg6 c4+ 38. Kd2 Kc5 39. Bf7 e5 40. Be6
Kb4 41. Kc2 Na4 42. Bd7 Nc5 43. Bf5 Nb7 44. Bg6 Nd6 45. Bh7 Nb5 46. Bg8 Na3+
47. Kb2 c3+ 48. Kc1 Nc4 49. e4 Nd2 50. Bd5 Nf1 {0 :} 0-1

[Event "SR 2. liga A 2011/2012"]
[Site "?"]
[Date "2011.11.06"]
[Round "23.4"]
[White "Machalova, Maria"]
[Black "Krajnak, Robert"]
[Result "1-0"]
[WhiteElo "2184"]
[BlackElo "2094"]
[PlyCount "91"]
[EventDate "2011.??.??"]
[WhiteTeam "Slovakia"]
[BlackTeam "Slovakia"]
[WhiteTeamCountry "SVK"]
[BlackTeamCountry "SVK"]

1. c4 c5 2. Nc3 Nf6 3. e4 d6 4. Nge2 e6 5. d4 cxd4 6. Nxd4 Be7 7. Be2 O-O 8.
O-O a6 9. Be3 Qc7 10. Rc1 Rd8 11. Nb3 b6 12. f4 Bb7 13. Bd3 Nbd7 14. Qe2 Rac8
15. g4 Nf8 16. h4 N6d7 17. g5 Nc5 18. Nxc5 dxc5 19. Rf2 Rd7 20. Rcf1 Rcd8 21.
Bc2 Bc6 22. a4 Ba8 23. Qg4 Rd4 24. b3 g6 25. h5 f5 26. gxf6 Bxf6 27. hxg6 hxg6
28. Ne2 Rxe4 29. Bxe4 Bxe4 30. Ng3 Ba8 31. f5 exf5 32. Nxf5 Qe5 33. Bh6 Qe4 34.
Qxe4 Bxe4 35. Ne3 Bg7 36. Bxg7 Kxg7 37. Rf7+ Kg8 38. Ng4 Ne6 39. Re7 Ng5 40.
Nf6+ Kf8 41. Rxe4 Nxe4 42. Nxe4+ Kg7 43. Kg2 Rd4 44. Nc3 Rd3 45. Rf3 Rd2+ 46.
Kg3 {: 0} 1-0

[Event "SR 2. liga A 2011/2012"]
[Site "?"]
[Date "2011.11.06"]
[Round "23.5"]
[White "Magyar, Frantisek"]
[Black "Oprea, Erik"]
[Result "0-1"]
[WhiteElo "2019"]
[BlackElo "2135"]
[PlyCount "80"]
[EventDate "2011.??.??"]
[WhiteTeam "Slovakia"]
[BlackTeam "Slovakia"]
[WhiteTeamCountry "SVK"]
[BlackTeamCountry "SVK"]

1. d4 d6 2. c4 Nd7 3. Nc3 c6 4. Nf3 e5 5. e4 Be7 6. Be2 Ngf6 7. O-O Qc7 8. h3
Nf8 9. Be3 Ng6 10. Qd2 Bd7 11. Rac1 Rd8 12. Rfd1 Qc8 13. Kh2 O-O 14. d5 c5 15.
Ng1 a6 16. f3 Nh5 17. g4 Nhf4 18. Bf1 Rde8 19. Nce2 Qd8 20. Ng3 Nh4 21. Nf5
Bxf5 22. gxf5 g6 23. Bd3 Kh8 24. Rc2 Bg5 25. Qf2 Nxd3 26. Rxd3 gxf5 27. Rb3
Bxe3 28. Rxe3 f4 29. Rb3 Rg8 30. Qf1 Rg3 31. Rf2 Reg8 32. Ne2 Qc8 33. a4 R8g6
34. a5 R3g5 35. Ra3 Qg8 36. Ra1 Qc8 37. Ra3 Qd7 38. Kh1 Ng2 39. Kh2 Ne3 40. Qh1
Qxh3+ {0 :} 0-1

[Event "SR 2. liga A 2011/2012"]
[Site "?"]
[Date "2011.11.06"]
[Round "23.6"]
[White "Ochrana, Ladislav"]
[Black "Polacik, Igor"]
[Result "0-1"]
[WhiteElo "2062"]
[BlackElo "2165"]
[PlyCount "122"]
[EventDate "2011.??.??"]
[WhiteTeam "Slovakia"]
[BlackTeam "Slovakia"]
[WhiteTeamCountry "SVK"]
[BlackTeamCountry "SVK"]

1. d4 Nf6 2. d5 c6 3. Nc3 Qa5 4. dxc6 Nxc6 5. Bd2 Qb6 6. e3 g6 7. Nf3 Bg7 8.
Bd3 d6 9. Na4 Qc7 10. Nd4 Nxd4 11. exd4 Qc6 12. Qe2 a6 13. Nc3 Qxg2 14. O-O-O
Bg4 15. Qf1 Qxf1 16. Rdxf1 Bf3 17. Rhg1 O-O 18. Rg3 Bc6 19. Be2 Rac8 20. Kb1
Ne4 21. Nxe4 Bxe4 22. Bd3 Bxd3 23. Rxd3 Rc4 24. c3 d5 25. Bf4 Rfc8 26. Re1 e6
27. Bd6 R4c6 28. Bf4 Bf8 29. Be5 b5 30. a3 a5 31. Bf4 Rc4 32. Rc1 Be7 33. b3
R4c6 34. Kb2 Bf6 35. Be5 Bg5 36. Rg1 Be7 37. Rc1 Kf8 38. Bf4 Ke8 39. Rf3 Bf8
40. Be5 b4 41. axb4 axb4 42. Bf4 bxc3+ 43. Rcxc3 Rxc3 44. Rxc3 Rxc3 45. Kxc3
Kd7 46. Be3 f6 47. f4 Kc6 48. h3 Kb5 49. Bf2 Bh6 50. Bg3 g5 51. fxg5 Bxg5 52.
h4 Bh6 53. Be1 Bf8 54. Kd3 h5 55. Kc2 Bd6 56. Kd3 Bc7 57. Kc2 Ba5 58. Bf2 Bb6
59. Kc3 e5 60. Be3 f5 61. Kd3 Bxd4 {0 :} 0-1

[Event "SR 2. liga A 2011/2012"]
[Site "?"]
[Date "2011.11.06"]
[Round "23.7"]
[White "Jelenciak, Jozef"]
[Black "Prikler, Bruno"]
[Result "0-1"]
[WhiteElo "1942"]
[BlackElo "2037"]
[PlyCount "82"]
[EventDate "2011.??.??"]
[WhiteTeam "Slovakia"]
[BlackTeam "Slovakia"]
[WhiteTeamCountry "SVK"]
[BlackTeamCountry "SVK"]

1. e4 d5 2. exd5 Nf6 3. Nc3 Nxd5 4. Nxd5 Qxd5 5. Qf3 e6 6. Be2 Nc6 7. c3 Bd7 8.
d4 Bd6 9. Qxd5 exd5 10. Nf3 O-O-O 11. Be3 f6 12. O-O-O Ne7 13. Rhe1 h5 14. h4
Bg4 15. Bd2 Rhe8 16. Ng1 c5 17. Bxg4+ hxg4 18. Ne2 Nf5 19. g3 Re4 20. Bf4 Rde8
21. Bxd6 Nxd6 22. dxc5 Nc4 23. b3 Rxe2 24. Rxe2 Rxe2 25. bxc4 Rxf2 26. cxd5 Rf3
27. Rg1 Rxc3+ 28. Kb2 Rxc5 29. Rd1 Kd7 30. Rd4 f5 31. d6 Rc6 32. Rf4 Ke6 33. d7
Rd6 34. Ra4 a6 35. Kc3 Rxd7 36. Rb4 b5 37. a4 Rd5 38. axb5 axb5 39. Kc2 Kd6 40.
Kc3 Kc5 41. Rf4 g6 {0 :} 0-1

[Event "SR 2. liga A 2011/2012"]
[Site "?"]
[Date "2011.11.06"]
[Round "23.8"]
[White "Sosovicka, Matej"]
[Black "Farkas, Vladimir"]
[Result "1-0"]
[WhiteElo "1961"]
[BlackElo "1918"]
[PlyCount "111"]
[EventDate "2011.??.??"]
[WhiteTeam "Slovakia"]
[BlackTeam "Slovakia"]
[WhiteTeamCountry "SVK"]
[BlackTeamCountry "SVK"]

1. e4 d6 2. d4 Nf6 3. Nc3 g6 4. Be3 Bg7 5. f3 c6 6. Qd2 Qc7 7. Bd3 b5 8. a4 b4
9. Nd1 a5 10. c3 c5 11. cxb4 cxb4 12. Rc1 Qd8 13. b3 Ba6 14. Ne2 O-O 15. Nb2
Bxd3 16. Qxd3 d5 17. e5 Nfd7 18. Nf4 e6 19. h4 Qe7 20. h5 g5 21. h6 Bh8 22. Nh5
f6 23. exf6 Bxf6 24. Nxf6+ Nxf6 25. Bxg5 e5 26. O-O Nbd7 27. Rfe1 Qd6 28. Qb5
exd4 29. Nd3 Qg3 30. Re7 Qxg5 31. Rg7+ Qxg7 32. hxg7 Kxg7 33. Rc7 Rf7 34. Qb7
Re8 35. Nf4 Re1+ 36. Kf2 Re5 37. g3 d3 38. Nxd3 Ree7 39. Qb5 Ng4+ 40. Kg2 Ne3+
41. Kh2 Nf1+ 42. Kh3 Nd2 43. Qxd5 Nxf3 44. Nf4 Nfe5 45. Qxa5 Rf5 46. Qxb4 Ref7
47. Qd6 h5 48. a5 h4 49. Kxh4 Kh7 50. Kh3 R5f6 51. Qd4 Rh6+ 52. Kg2 Rh2+ 53.
Kf1 Rh1+ 54. Ke2 Re1+ 55. Kf2 Re7 56. Ng2 {: 0} 1-0

[Event "SR 2. liga A 2011/2012"]
[Site "?"]
[Date "2011.11.06"]
[Round "24.1"]
[White "Schwarz, Dusan"]
[Black "Banas, Kamil"]
[Result "1/2-1/2"]
[WhiteElo "2286"]
[BlackElo "2222"]
[PlyCount "48"]
[EventDate "2011.??.??"]
[WhiteTeam "Slovakia"]
[BlackTeam "Slovakia"]
[WhiteTeamCountry "SVK"]
[BlackTeamCountry "SVK"]

1. d4 d5 2. c4 e6 3. Nc3 Be7 4. Nf3 Nf6 5. Bg5 h6 6. Bh4 O-O 7. e3 Ne4 8. Bxe7
Qxe7 9. Rc1 c6 10. Bd3 Nxc3 11. Rxc3 Nd7 12. O-O e5 13. dxe5 dxc4 14. Bxc4 Nxe5
15. Nxe5 Qxe5 16. Qb3 Qe7 17. Rd1 b6 18. Qc2 Bb7 19. Rcd3 Rad8 20. Qd2 Rxd3 21.
Qxd3 c5 22. Bd5 Bxd5 23. Qxd5 Re8 24. Kf1 Kf8 1/2-1/2

[Event "SR 2. liga A 2011/2012"]
[Site "?"]
[Date "2011.11.06"]
[Round "24.2"]
[White "Matejovic, Juraj"]
[Black "Janos, Martin"]
[Result "1/2-1/2"]
[WhiteElo "2243"]
[BlackElo "2252"]
[PlyCount "89"]
[EventDate "2011.??.??"]
[WhiteTeam "Slovakia"]
[BlackTeam "Slovakia"]
[WhiteTeamCountry "SVK"]
[BlackTeamCountry "SVK"]

1. e4 c5 2. Nf3 Nc6 3. Nc3 e5 4. Bc4 d6 5. d3 h6 6. Nd2 Nf6 7. Nf1 Be7 8. Ne3
Nd4 9. O-O O-O 10. f4 exf4 11. Rxf4 Nd7 12. Ncd5 Bg5 13. Rf2 Ne5 14. c3 Nxc4
15. Nxc4 Ne6 16. Qh5 b5 17. Bxg5 Nxg5 18. Nce3 Be6 19. Raf1 Nh7 20. h4 Rb8 21.
Rf3 Kh8 22. Rg3 Rg8 23. b4 Rc8 24. a3 Rc6 25. Rf4 cxb4 26. axb4 Rc8 27. e5 Bxd5
28. Nxd5 dxe5 29. Qxe5 f6 30. Ne7 Re8 31. Ng6+ Kg8 32. Qxb5 Rxc3 33. Rc4 Re1+
34. Kh2 Rcc1 35. Rxc1 Rxc1 36. Nf4 f5 37. Rxg7+ Kh8 38. Kg3 Rh1 39. Rxh7+ Kxh7
40. Qxf5+ Kh8 41. Qe5+ Kh7 42. Qe4+ Kh8 43. Qe5+ Kh7 44. Qf5+ Kh8 45. Qe5+
1/2-1/2

[Event "SR 2. liga A 2011/2012"]
[Site "?"]
[Date "2011.11.06"]
[Round "24.3"]
[White "Novak, Ivan"]
[Black "Federic, Pavol"]
[Result "1-0"]
[WhiteElo "2187"]
[BlackElo "2219"]
[PlyCount "93"]
[EventDate "2011.??.??"]
[WhiteTeam "Slovakia"]
[BlackTeam "Slovakia"]
[WhiteTeamCountry "SVK"]
[BlackTeamCountry "SVK"]

1. e4 e5 2. Nf3 Nc6 3. Be2 Nf6 4. d3 d5 5. exd5 Nxd5 6. O-O Be7 7. Re1 O-O 8.
Bf1 Bf6 9. Nbd2 g6 10. g3 Bg7 11. c3 Bg4 12. h3 Bf5 13. Ne4 Qe7 14. Qb3 Rad8
15. d4 b6 16. dxe5 Nxe5 17. Nxe5 Qxe5 18. Bg2 h6 19. Bd2 c6 20. c4 Bxe4 21.
Rxe4 Qxb2 22. Qxb2 Bxb2 23. Rb1 Nc3 24. Rxb2 Nxe4 25. Bxe4 Rd4 26. Bxc6 Rxc4
27. Bb5 Rc5 28. Bxh6 Rd8 29. Be3 Rc3 30. Kg2 Rd5 31. h4 Rc8 32. Ba4 Rd6 33. Rb4
Rd5 34. Bb3 Rd6 35. Rf4 Rc7 36. Re4 Rd8 37. Bg5 Rdc8 38. Bf6 b5 39. Re5 a6 40.
h5 Rc6 41. Bh4 Kg7 42. hxg6 f6 43. Re7+ Kxg6 44. Bf7+ Kf5 45. Bd5 R8c7 46. Be4+
Kg4 47. Bg6 1-0

[Event "SR 2. liga A 2011/2012"]
[Site "?"]
[Date "2011.11.06"]
[Round "24.4"]
[White "Skara, Vladimir"]
[Black "Janos, Jozef"]
[Result "0-1"]
[WhiteElo "2219"]
[BlackElo "2145"]
[PlyCount "53"]
[EventDate "2011.??.??"]
[WhiteTeam "Slovakia"]
[BlackTeam "Slovakia"]
[WhiteTeamCountry "SVK"]
[BlackTeamCountry "SVK"]

1. e4 c5 2. Nf3 d6 3. d4 cxd4 4. Nxd4 Nf6 5. Nc3 a6 6. Bg5 e6 7. f4 Be7 8. Qf3
Qc7 9. O-O-O O-O 10. g4 Nbd7 11. Kb1 b5 12. Bxf6 Nxf6 13. g5 Nd7 14. Bd3 Bb7
15. Rhg1 Rfc8 16. Qh3 g6 17. f5 exf5 18. exf5 Ne5 19. fxg6 hxg6 20. Rdf1 Qd8
21. Be4 Rxc3 22. Qxc3 Bxe4 23. Qe3 d5 24. Qf4 Bd6 25. Rg3 Qf8 26. Qh4 Qg7 27.
Rh3 0-1

[Event "SR 2. liga A 2011/2012"]
[Site "?"]
[Date "2011.11.06"]
[Round "24.5"]
[White "Hajek, Lukas"]
[Black "Mydlarik, Martin"]
[Result "1-0"]
[WhiteElo "2038"]
[BlackElo "2136"]
[PlyCount "73"]
[EventDate "2011.??.??"]
[WhiteTeam "Slovakia"]
[BlackTeam "Slovakia"]
[WhiteTeamCountry "SVK"]
[BlackTeamCountry "SVK"]

1. d4 Nf6 2. c4 e6 3. Nf3 b6 4. a3 Bb7 5. Nc3 Be7 6. d5 O-O 7. e4 d6 8. Bd3
Nbd7 9. Nd4 exd5 10. cxd5 Ne5 11. Bc2 Nfd7 12. f4 Ng6 13. O-O Bf6 14. Be3 a6
15. Rf3 Re8 16. Rh3 Bxd4 17. Qxd4 Nf6 18. Re1 Bc8 19. Rf3 Ng4 20. Bd2 Bd7 21.
h3 Nf6 22. e5 Nh4 23. Rfe3 Bf5 24. Ba4 b5 25. exf6 Rxe3 26. Rxe3 bxa4 27. Be1
Ng6 28. fxg7 Rb8 29. Ne4 Bxe4 30. Qxe4 Qd7 31. Bc3 Qb5 32. f5 Ne5 33. Bxe5 Re8
34. Qd4 dxe5 35. Rxe5 Rd8 36. f6 Qb3 37. Qe4 1-0

[Event "SR 2. liga A 2011/2012"]
[Site "?"]
[Date "2011.11.06"]
[Round "24.6"]
[White "Kundrak, Vladimir"]
[Black "Kovacova, Zuzana"]
[Result "1/2-1/2"]
[WhiteElo "1957"]
[BlackElo "2123"]
[PlyCount "132"]
[EventDate "2011.??.??"]
[WhiteTeam "Slovakia"]
[BlackTeam "Slovakia"]
[WhiteTeamCountry "SVK"]
[BlackTeamCountry "SVK"]

1. b3 e5 2. Bb2 Nc6 3. e3 Nf6 4. Bb5 d6 5. d4 exd4 6. Qxd4 Bd7 7. Bxc6 Bxc6 8.
Nf3 Qd7 9. Nc3 b6 10. O-O-O O-O-O 11. h3 Bb7 12. e4 Be7 13. Rhe1 Ne8 14. Qd2 h6
15. Nd4 Bf6 16. f4 c6 17. Nf3 Be7 18. Qe3 Qc7 19. Kb1 Rg8 20. e5 d5 21. Qd3 Bc5
22. Na4 Bb4 23. Re2 Qe7 24. e6 fxe6 25. f5 Nf6 26. Rxe6 Qf7 27. Ne5 Qc7 28. Ng6
Ne4 29. Be5 Qf7 30. g4 Rge8 31. Rxe8 Rxe8 32. Bd4 Bd6 33. Nc3 c5 34. Nxe4 Rxe4
35. Bf2 h5 36. Re1 Rxe1+ 37. Bxe1 hxg4 38. hxg4 Qe8 39. Bg3 Bxg3 40. Qxg3 Bc6
41. Qd6 Kb7 42. Ne7 d4 43. g5 Bf3 44. f6 gxf6 45. Qxf6 Bh5 46. Kb2 c4 47. bxc4
Qa4 48. Qd6 Qxc4 49. Qd7+ Ka6 50. Qc8+ Qxc8 51. Nxc8 Kb5 52. Ne7 Kc4 53. g6 d3
54. cxd3+ Kxd3 55. g7 Bf7 56. g8=Q Bxg8 57. Nxg8 Kc4 58. Ne7 b5 59. Nc6 a6 60.
Ka3 Kc3 61. Nb4 a5 62. Nd5+ Kc2 63. Ne3+ Kb1 64. Nd5 b4+ 65. Nxb4 axb4+ 66.
Kxb4 Kxa2 1/2-1/2

[Event "SR 2. liga A 2011/2012"]
[Site "?"]
[Date "2011.11.06"]
[Round "24.7"]
[White "Chovanec, Vladimir"]
[Black "Sustak, Roman"]
[Result "1-0"]
[WhiteElo "2114"]
[BlackElo "1971"]
[PlyCount "43"]
[EventDate "2011.??.??"]
[WhiteTeam "Slovakia"]
[BlackTeam "Slovakia"]
[WhiteTeamCountry "SVK"]
[BlackTeamCountry "SVK"]

1. e4 e6 2. d3 d5 3. Nd2 Nf6 4. Ngf3 c5 5. g3 Nc6 6. Bg2 Bd6 7. O-O O-O 8. Nh4
Bc7 9. f4 e5 10. f5 Rb8 11. exd5 Nxd5 12. Ne4 Nf6 13. Be3 Nxe4 14. Bxe4 Bb6 15.
f6 g6 16. Qd2 Na5 17. c4 Nc6 18. Bh6 Qd4+ 19. Kh1 Rd8 20. Qg5 Kh8 21. Nxg6+
hxg6 22. Bg7+ 1-0

[Event "SR 2. liga A 2011/2012"]
[Site "?"]
[Date "2011.11.06"]
[Round "24.8"]
[White "Karlik, Lukas"]
[Black "Danada, Tomas"]
[Result "1-0"]
[WhiteElo "1871"]
[BlackElo "1960"]
[PlyCount "75"]
[EventDate "2011.??.??"]
[WhiteTeam "Slovakia"]
[BlackTeam "Slovakia"]
[WhiteTeamCountry "SVK"]
[BlackTeamCountry "SVK"]

1. d4 Nf6 2. g3 c5 3. c3 e6 4. Nf3 Nc6 5. Bg2 d5 6. O-O Be7 7. Bf4 O-O 8. Ne5
Nxe5 9. Bxe5 Qb6 10. Qb3 Nd7 11. Qxb6 Nxb6 12. dxc5 Bxc5 13. Nd2 Bd7 14. Rfc1
f6 15. Bd4 Bxd4 16. cxd4 Rac8 17. e4 Nc4 18. Nxc4 dxc4 19. Rc3 b5 20. Rac1 Kf7
21. f4 Ke7 22. Kf2 e5 23. d5 Kd6 24. Ke3 f5 25. b3 cxb3 26. axb3 b4 27. fxe5+
Kxe5 28. Rc7 Kd6 29. Kd4 fxe4 30. Rxd7+ Kxd7 31. Bh3+ Kd6 32. Rxc8 Rf3 33. Rc6+
Ke7 34. d6+ Kf7 35. Rc7+ Kf6 36. d7 Rd3+ 37. Kxe4 Rd1 38. Rc8 1-0

[Event "SR 2. liga A 2011/2012"]
[Site "?"]
[Date "2011.12.03"]
[Round "25.1"]
[White "Pagerka, Martin"]
[Black "Likavsky, Tomas"]
[Result "1-0"]
[WhiteElo "2200"]
[BlackElo "2486"]
[PlyCount "71"]
[EventDate "2011.??.??"]
[WhiteTeam "Slovakia"]
[BlackTeam "Slovakia"]
[WhiteTeamCountry "SVK"]
[BlackTeamCountry "SVK"]

1. e4 c5 2. Nf3 d6 3. d3 Nc6 4. g3 g6 5. Bg2 Bg7 6. c3 e5 7. O-O Nge7 8. Nbd2
O-O 9. a4 b6 10. Re1 Rb8 11. Nc4 a6 12. Be3 b5 13. axb5 axb5 14. Na3 Kh8 15.
Qd2 f5 16. Bh6 f4 17. Bxg7+ Kxg7 18. Nc2 Bg4 19. Ng5 h6 20. h3 Be6 21. Nf3 fxg3
22. fxg3 Bxh3 23. Bxh3 Rxf3 24. Kg2 Rf6 25. Rf1 Ng8 26. Ne3 Rxf1 27. Rxf1 Qg5
28. Bd7 Nce7 29. Rf3 Nf6 30. Be6 Rf8 31. Qf2 h5 32. Kh3 Qh6 33. Qe1 Qg5 34. Qf2
Ra8 35. Qd2 Kh6 36. Rxf6 1-0

[Event "SR 2. liga A 2011/2012"]
[Site "?"]
[Date "2011.12.03"]
[Round "25.2"]
[White "Doucha, Ludvik"]
[Black "Cajka, Tibor"]
[Result "1/2-1/2"]
[WhiteElo "2102"]
[BlackElo "2140"]
[PlyCount "70"]
[EventDate "2011.??.??"]
[WhiteTeam "Slovakia"]
[BlackTeam "Slovakia"]
[WhiteTeamCountry "SVK"]
[BlackTeamCountry "SVK"]

1. e4 c6 2. d4 g6 3. Nf3 d5 4. Nbd2 dxe4 5. Nxe4 Bg7 6. Bc4 Nf6 7. Neg5 e6 8.
Ne5 O-O 9. O-O Nd5 10. Ngf3 Nd7 11. c3 Qc7 12. Re1 Nxe5 13. dxe5 b5 14. Bd3 Nb6
15. Qe2 Bb7 16. Bg5 a6 17. Rad1 c5 18. Be4 Nc4 19. Bxb7 Qxb7 20. b3 Nb6 21. c4
Rfc8 22. cxb5 Nd5 23. bxa6 Rxa6 24. Rc1 h6 25. Bh4 Bf8 26. a4 Rb6 27. Nd2 Nf4
28. Qe4 g5 29. Bg3 Qxe4 30. Rxe4 Nd3 31. Rc3 Rd8 32. Nf1 Nb4 33. h4 Be7 34.
hxg5 hxg5 35. Ne3 Nd5 1/2-1/2

[Event "SR 2. liga A 2011/2012"]
[Site "?"]
[Date "2011.12.03"]
[Round "25.3"]
[White "Bury, Rastislav"]
[Black "Hertel, Ondrej"]
[Result "1/2-1/2"]
[WhiteElo "2173"]
[BlackElo "2073"]
[PlyCount "59"]
[EventDate "2011.??.??"]
[WhiteTeam "Slovakia"]
[BlackTeam "Slovakia"]
[WhiteTeamCountry "SVK"]
[BlackTeamCountry "SVK"]

1. Nf3 d5 2. g3 Nf6 3. Bg2 e6 4. O-O Be7 5. c4 O-O 6. d3 c6 7. Bd2 b6 8. Qc2
Bb7 9. b4 dxc4 10. Qxc4 c5 11. bxc5 Bxc5 12. Nc3 Nbd7 13. d4 Be7 14. a4 Rc8 15.
Qd3 Nd5 16. Nxd5 Bxd5 17. Rfc1 Rxc1+ 18. Rxc1 Qb8 19. Qc2 Bd6 20. Ng5 g6 21.
Bxd5 exd5 22. Qc6 Nf6 23. Nh3 Re8 24. Nf4 Kg7 25. Be3 Ba3 26. Rc2 Qd6 27. Qxd6
Bxd6 28. Rc6 Rd8 29. Nd3 h6 30. h3 1/2-1/2

[Event "SR 2. liga A 2011/2012"]
[Site "?"]
[Date "2011.12.03"]
[Round "25.4"]
[White "Liptak, Dusan"]
[Black "Jozefek, Michal"]
[Result "0-1"]
[WhiteElo "2075"]
[BlackElo "1910"]
[PlyCount "70"]
[EventDate "2011.??.??"]
[WhiteTeam "Slovakia"]
[BlackTeam "Slovakia"]
[WhiteTeamCountry "SVK"]
[BlackTeamCountry "SVK"]

1. Nf3 Nf6 2. c4 e6 3. g3 b6 4. Bg2 Bb7 5. O-O Be7 6. b3 O-O 7. Bb2 d6 8. d4
Nbd7 9. Nfd2 Bxg2 10. Kxg2 c5 11. e4 cxd4 12. Bxd4 Nc5 13. Qe2 d5 14. cxd5 exd5
15. e5 Nfe4 16. f3 Ng5 17. f4 Nge4 18. Nc3 Ne6 19. Qd3 Bb4 20. Rac1 Nxd4 21.
Qxd4 Bxc3 22. Rxc3 Nxc3 23. Qxc3 Rc8 24. Qd3 Qc7 25. Rf2 Qc2 26. Qe2 Qxa2 27.
f5 Rfe8 28. Qg4 Qa3 29. b4 a5 30. f6 g6 31. Nf3 Qxb4 32. Qh3 h5 33. Ng5 Qg4 34.
Qxg4 hxg4 35. e6 Rxe6 0-1

[Event "SR 2. liga A 2011/2012"]
[Site "?"]
[Date "2011.12.03"]
[Round "25.5"]
[White "Spacek, Oliver"]
[Black "Puchart, Vladimir"]
[Result "1-0"]
[WhiteElo "1907"]
[BlackElo "2079"]
[PlyCount "59"]
[EventDate "2011.??.??"]
[WhiteTeam "Slovakia"]
[BlackTeam "Slovakia"]
[WhiteTeamCountry "SVK"]
[BlackTeamCountry "SVK"]

1. d4 Nf6 2. c4 e6 3. g3 d5 4. Bg2 c5 5. cxd5 Nxd5 6. Nf3 Nc6 7. O-O Be7 8. Nc3
cxd4 9. Nxd4 Nxc3 10. bxc3 Bd7 11. Rb1 Na5 12. Nb5 Bc6 13. Bf4 O-O 14. Qxd8
Bxd8 15. Rfd1 Bf6 16. e4 Rfd8 17. Rxd8+ Bxd8 18. e5 Nc4 19. Nd6 Nxd6 20. exd6
Bb6 21. c4 Rd8 22. Bxc6 bxc6 23. Be3 c5 24. a4 Rxd6 25. Bxc5 Rc6 26. Bxb6 axb6
27. a5 Rxc4 28. axb6 Rc8 29. b7 Rb8 30. Rc1 1-0

[Event "SR 2. liga A 2011/2012"]
[Site "?"]
[Date "2011.12.03"]
[Round "25.6"]
[White "Sturdik, Igor"]
[Black "Pericka, Tomas"]
[Result "0-1"]
[WhiteElo "2067"]
[BlackElo "2008"]
[PlyCount "50"]
[EventDate "2011.??.??"]
[WhiteTeam "Slovakia"]
[BlackTeam "Slovakia"]
[WhiteTeamCountry "SVK"]
[BlackTeamCountry "SVK"]

1. e4 c5 2. Nf3 Nc6 3. d4 cxd4 4. Nxd4 g6 5. Nc3 Bg7 6. Be3 Nf6 7. Bc4 Qa5 8.
O-O O-O 9. Nb3 Qc7 10. Be2 d6 11. f4 a6 12. Bf3 b5 13. e5 dxe5 14. fxe5 Qxe5
15. Bb6 Bb7 16. Nc5 Rab8 17. Re1 Qf5 18. N3e4 Ne5 19. Bc7 Nxf3+ 20. Qxf3 Bxe4
21. Nxe4 Qxf3 22. gxf3 Rbc8 23. Be5 Nxe4 24. Bxg7 Kxg7 25. Rxe4 Rxc2 0-1

[Event "SR 2. liga A 2011/2012"]
[Site "?"]
[Date "2011.12.03"]
[Round "25.7"]
[White "Diviak, Rastislav"]
[Black "Stetina, Erik"]
[Result "0-1"]
[WhiteElo "2020"]
[BlackElo "2042"]
[PlyCount "74"]
[EventDate "2011.??.??"]
[WhiteTeam "Slovakia"]
[BlackTeam "Slovakia"]
[WhiteTeamCountry "SVK"]
[BlackTeamCountry "SVK"]

1. e4 e5 2. Nf3 Nc6 3. Bb5 Nge7 4. O-O a6 5. Ba4 d6 6. c3 Bd7 7. d4 h6 8. Re1
Ng6 9. Be3 Be7 10. Nbd2 Bg5 11. Nf1 Qf6 12. Qd2 Bf4 13. d5 Nb8 14. Bxd7+ Nxd7
15. Qc2 Bxe3 16. Nxe3 Nf4 17. b4 h5 18. h4 Nh3+ 19. Kh2 g5 20. hxg5 Nxg5 21.
Nxg5 Qxg5 22. Nf5 Nf6 23. Qc1 Qg6 24. f3 h4 25. c4 Nh5 26. c5 Ng3 27. cxd6 cxd6
28. Qc7 Nxf5 29. exf5 Qg3+ 30. Kg1 Rg8 31. Re2 Qxf3 32. Rae1 Rg3 33. Rxe5+ Kf8
34. Qxd6+ Kg8 35. Re8+ Kh7 36. R8e2 Rag8 37. Qxg3 Qxg3 0-1

[Event "SR 2. liga A 2011/2012"]
[Site "?"]
[Date "2011.12.03"]
[Round "25.8"]
[White "Halas, Miroslav"]
[Black "Spacek, Marcel"]
[Result "1/2-1/2"]
[WhiteElo "1946"]
[BlackElo "1818"]
[PlyCount "92"]
[EventDate "2011.??.??"]
[WhiteTeam "Slovakia"]
[BlackTeam "Slovakia"]
[WhiteTeamCountry "SVK"]
[BlackTeamCountry "SVK"]

1. e4 c5 2. Nf3 e6 3. d4 cxd4 4. Nxd4 a6 5. Nc3 b5 6. a3 Bb7 7. Be2 Qc7 8. Be3
Nf6 9. f3 Be7 10. Qd2 O-O 11. g4 Nc6 12. g5 Ne8 13. O-O-O Nd6 14. Bf4 b4 15.
Nxc6 Qxc6 16. axb4 Nb5 17. Qxd7 Bxb4 18. Qxc6 Bxc6 19. Na2 Ba5 20. h4 Rfc8 21.
Kb1 Rab8 22. Bxb8 Rxb8 23. Bxb5 Bxb5 24. c3 Be2 25. f4 Bf3 26. Rhe1 Bxd1 27.
Rxd1 g6 28. Kc2 Bc7 29. e5 Bb6 30. Rd3 Bf2 31. Rh3 a5 32. Nc1 Kg7 33. Nd3 Ba7
34. b4 axb4 35. Nxb4 Rc8 36. Kb3 h5 37. c4 Kf8 38. Nc2 Ke7 39. Na3 Bf2 40. Nb5
Be1 41. Nd6 Ra8 42. Ne4 Rb8+ 43. Kc2 Rb4 44. Nd6 Bf2 45. Ra3 Bc5 46. Rd3 Ra4
1/2-1/2